| 000 | 00623nam a2200157 a 4500 | ||
|---|---|---|---|
| 008 | 100910s1984 ||||||||||||||||| || u | ||
| 050 | _aCOMM(02) | ||
| 110 | _aCommonwealth Secretariat | ||
| 245 | 1 | 0 | _aInternational economic action: report by a Commonwealth consultative group |
| 260 |
_aLondon: _bCommonwealth Secretariat _c1984 |
||
| 300 | _av, 17p. | ||
| 350 | _a0.00 | ||
| 650 | 0 | _aECONOMICS | |
| 650 | _aINTERNATIONAL ECONOMIC RELATIONS--CONGRESSES | ||
| 995 |
_D0.00 _FCBU-MAIN LIBRARY (Kitwe) _H1 _I0.00 _M1 _UAVAILABLE _WSep 10, 2010 _ZInternational Publications |
||
| 999 |
_c47340 _d47340 |
||